Datum a čas kvízu
27.5
Celkem bodů
Celkový počet nahraných bodů na tomto kvízu bez doplňovacích otázek.
5.
Pořadí na kvízu
Konečné umístění týmu na tomto kvízu.
Zaznamenané odpovědi
| # | Otázka | Odpověď | Body | Výsledky |
|---|---|---|---|---|
| 1. | Za zmanipulování televizní hry... | 1 | ||
| 2. | Sopka Sinabung s nadmořskou vý... | 0 | ||
| 3. | Vražda na předpis. Tak se jmen... | 0 | ||
| 4. | Která společnost hodlá v nejbl... | 0 | ||
| 5. | Napište výsledek sobotního utk... | 1 | ||
| 6. | Jistě se mezi Vámi najde mnoho... | 0 | ||
| 7. | Čemu nebo komu se ve vodáckém... | 0 | ||
| 8. | Silný provaz, který se dá využ... | 0 | ||
| 9. | Kterým slovem na Š nazývají ka... | 0 | ||
| 10. | Kanoistům se mezi vrcholovými... | 0 |